000
00222 a2200097 4500
001
12955
100
_a
Lakshmi,V
245
_a
Digital Libraries: Principles and Practices
260
_a
_b
Isha Book
_c
090
_c
9951
_d
9951
942
_a
NUST-CAE
_c
M
_c
36879
999
_c
248028
_d
248028